000 01159nam a2200229Ii 4500
003 JO-AjNU
005 20240630101411.0
008 230605s9999||||xx |||||||||||||| ||und||
040 _aJO-AjNU
_bara
_erda
_cJO-AjNU
041 _aara
050 1 4 _aQA11 2017
100 3 _aاعداد محمد، رائدة محمد رشيد؛ اشراف خالد محمد ابو لوم,
_eauthor
_957665
245 0 0 _aاثر معتقدات معلمي الرياضيات نحو حل المسالة الرياضية على الاستراتيجيات التي يستخدمها طلبة الصف السايع في حلهم للمسالة الجبرية
264 3 1 _a2005
300 _a80 ورقة
336 _atext
_btxt
_2rdacontent
337 _aunmediated
_bn
_2rdamedia
338 _avolume
_bnc
_2rdacarrier
500 _aرسالة جامعية (ماجستير في مناهج واساليب التدريس للصف السابع)--الجامعة الاردنية، كلية الدراسات العليا،عمان)، 2005، يشتمل على جداول توضيحية
650 4 _aالرياضيات - مناهج واساليب تدريس
_957666
942 _2lcc
_cTHS
999 _c29423
_d29423